书目信息 |
| 题名: |
敬老院家庭老年护理手册
|
|
| 作者: | 毛丽娟 , 丁俭 主编 | |
| 分册: | ||
| 出版信息: | 上海 上海科学技术文献出版社 2001 |
|
| 页数: | 197页 | |
| 开本: | 18cm | |
| 丛书名: | ||
| 单 册: | ||
| 中图分类: | R473.2-62 | |
| 科图分类: | ||
| 主题词: | 老年病护理--基本知识 , 老年病护理 | |
| 电子资源: | ||
| ISBN: | 7-5439-1640-1 | |
| 000 | 01151nam0 2200325 450 | |
| 000 | 01116nam0 2200313 450 | |
| 000 | 01079nam0 2200301 450 | |
| 000 | 01014nam0 2200301 450 | |
| 000 | 00977nam0 2200289 450 | |
| 000 | 00910nam0 2200265 450 | |
| 001 | 0104000022 | |
| 005 | 20061025092819.33 | |
| 010 | @a7-5439-1640-1@dCNY10.00 | |
| 100 | @a20050927d2001 em y0chiy0110 ea | |
| 101 | 0 | @achi |
| 102 | @aCN@b310000 | |
| 105 | @ay z 000yy | |
| 200 | 1 | @a敬老院家庭老年护理手册@Ajing lao yuan jia ting lao nian hu li shou ce@f毛丽娟, 丁俭主编@Fmao li juan,ding jian zhu bian |
| 210 | @a上海@c上海科学技术文献出版社@d2001 | |
| 215 | @a197页@d18cm | |
| 330 | @a本书介绍了在敬老院及家庭中护理老年人的知识。全书分基础护理知识、老年保健知识、常见老年病护理知识、家庭急救知识、中医护理知识五个部分。 | |
| 606 | 0 | @a老年病护理@j基本知识 |
| 606 | 0 | @a老年病护理 |
| 690 | @aR473.2-62@v4 | |
| 701 | 0 | @a毛丽娟@9mao li juan@4主编 |
| 701 | 0 | @a丁俭@9ding jian@4主编 |
| 801 | 0 | @aCN@b北京荣雅伟业图书经销中心@c20061025 |
| 905 | @aBZT@dR473.2-62@e26 | |
| 906 | @dCNY10.00@n0@r1 | |
| 敬老院家庭老年护理手册/毛丽娟, 丁俭主编.-上海:上海科学技术文献出版社,2001 |
| 197页;18cm |
| ISBN 7-5439-1640-1:CNY10.00 |
| 本书介绍了在敬老院及家庭中护理老年人的知识。全书分基础护理知识、老年保健知识、常见老年病护理知识、家庭急救知识、中医护理知识五个部分。 |
| ● |
| 相关链接 |
|
|
|
正题名:敬老院家庭老年护理手册
索取号:R473.2-62/26
 
预约/预借
| 序号 | 登录号 | 条形码 | 馆藏地/架位号 | 状态 | 备注 |
| 1 | 509776 | 230092382 | 中心书库中库/ 中库008架B面4列1层46/ [索取号:R473.2-62/26] | 在馆 | |
| 2 | 509777 | 230092479 | 中心书库中库/ 中库008架B面4列1层47/ [索取号:R473.2-62/26] | 在馆 | |
| 3 | 509778 | 230092480 | 中心书库中库/ 中库008架B面4列1层44/ [索取号:R473.2-62/26] | 在馆 | |
| 4 | 509779 | 230092482 | 中心书库中库/ 中库008架B面4列1层48/ [索取号:R473.2-62/26] | 在馆 | |
| 5 | 509780 | 230092481 | 中心书库中库/ 中库008架B面4列1层45/ [索取号:R473.2-62/26] | 在馆 |